Trayectoria de un pensamiento económico / (Registro nro. 13669)

Detalles MARC
000 -LEADER
fixed length control field 01108nam a2200265 a 4500
001 - CONTROL NUMBER
control field
003 - CONTROL NUMBER IDENTIFIER
control field DO-SdBNP
005 - DATE AND TIME OF LATEST TRANSACTION
control field 20210819130611.0
008 - FIXED-LENGTH DATA ELEMENTS--GENERAL INFORMATION
fixed length control field 091019s1981 dr 001 0 spa d
040 ## - CATALOGING SOURCE
Original cataloging agency DO-SdBNP
Language of cataloging spa
Transcribing agency BPMSU
082 ## - DEWEY DECIMAL CLASSIFICATION NUMBER
Classification number 330.97293
Item number D473t 1981
Edition number 22
100 1# - MAIN ENTRY--PERSONAL NAME
Personal name Despradel, Carlos,
Dates associated with a name 1942-
245 10 - TITLE STATEMENT
Title Trayectoria de un pensamiento económico /
Statement of responsibility, etc. Carlos Despradel ; prólogo Bienvenido Alvarez Vega.
260 ## - PUBLICATION, DISTRIBUTION, ETC. (IMPRINT)
Place of publication, distribution, etc. Santo Domingo :
Name of publisher, distributor, etc. Corripio,
Date of publication, distribution, etc. 1981.
300 ## - PHYSICAL DESCRIPTION
Extent 341 p. ;
Dimensions 24 cm.
500 ## - GENERAL NOTE
General note Incluye datos biográficos del autor en la contracubierta
505 0# - FORMATTED CONTENTS NOTE
Formatted contents note Visión global de la economía -- Aspectos monetarios y financieros -- El contexto internacional -- El comercio exterior dominicano -- Comentario sobre la inflación y sus efectos -- Otros temas económicos.
590 ## - LOCAL NOTE (RLIN)
Local note Inventariado, 2021/VM
651 #4 - SUBJECT ADDED ENTRY--GEOGRAPHIC NAME
Geographic name República Dominicana
General subdivision Política económica
651 #4 - SUBJECT ADDED ENTRY--GEOGRAPHIC NAME
Geographic name República Dominicana
General subdivision Política monetaria .
651 #4 - SUBJECT ADDED ENTRY--GEOGRAPHIC NAME
Geographic name República Dominicana
General subdivision Condiciones económicas
Chronological subdivision
700 12 - ADDED ENTRY--PERSONAL NAME
Personal name Alvarez Vega, Bienvenido,
Relator term pról.
910 ## - USER-OPTION DATA (OCLC)
User-option data VMateo V.
942 ## - ADDED ENTRY ELEMENTS (KOHA)
Source of classification or shelving scheme Dewey Decimal Classification
Koha item type Libros
Existencias
Withdrawn status Lost status Source of classification or shelving scheme Damaged status Not for loan Collection code Home library Current library Date acquired Source of acquisition Full call number Barcode Date last seen Price effective from Koha item type
    Dewey Decimal Classification     Colección Dominicana Biblioteca Pública Metropolitana Salomé Ureña Biblioteca Pública Metropolitana Salomé Ureña 08/19/2021 Saturnina Núñez BNPHU CD 330.97293 D473t 1981 BPMSU21080067 08/19/2021 08/19/2021 Libros